|
|
|
|
| LEADER |
00000nab a2200000 a 4500 |
| 001 |
vtls008156426 |
| 003 |
SK-MaSNL |
| 005 |
20260303185551.0 |
| 008 |
050526c20050523xo dr|p|||||||000 b|slo |
| 015 |
|
|
|a SNBRB2005/05
|2 snkbucl
|
| 038 |
|
|
|a SNKBUCL
|
| 040 |
|
|
|a SNKBUCL
|b slo
|c SNKBUCL
|e AACR2
|
| 041 |
0 |
|
|a slo
|
| 044 |
|
|
|a xo
|c SK
|
| 080 |
|
|
|a 796.421.093.1
|x (4)
|2 UDC-MRF-SK2
|
| 245 |
0 |
0 |
|a ... a prišiel i slovenský úspech
|b európskej chodeckej prehliadke dominovali jednoznačne Rusi
|c Peter Račko, Roman Riša
|
| 300 |
|
|
|b Fotogr., tab.
|
| 611 |
2 |
7 |
|a Európsky pohár v chôdzi
|d (2005 :
|c Miškolc, Maďarsko)
|2 SNK
|9 1216934
|
| 650 |
0 |
7 |
|a atletika
|2 SNKPH
|9 3279
|
| 650 |
0 |
7 |
|a chôdza (šport)
|2 SNKPH
|9 209060
|
| 773 |
0 |
|
|t Šport
|g Roč. 59, č. 118 (23.5.2005), s. 38
|x 0139-7001
|
| 852 |
|
|
|a SNK
|b KIS3GCP
|
| 999 |
|
|
|c 2131925
|d 2133855
|